| 000 -LEADER |
| fixed length control field |
01251 a2200277 4500 |
| 003 - CONTROL NUMBER IDENTIFIER |
| control field |
Nust |
| 005 - DATE AND TIME OF LATEST TRANSACTION |
| control field |
20230210123517.0 |
| 020 ## - INTERNATIONAL STANDARD BOOK NUMBER |
| International Standard Book Number |
1-58648-312-9 |
| 020 ## - INTERNATIONAL STANDARD BOOK NUMBER |
| International Standard Book Number |
1-58648-452-4 (pbk.) |
| 020 ## - INTERNATIONAL STANDARD BOOK NUMBER |
| International Standard Book Number |
978-1-58648-312-8 |
| 020 ## - INTERNATIONAL STANDARD BOOK NUMBER |
| International Standard Book Number |
978-1-58648-452-1 (pbk.) |
| 035 ## - SYSTEM CONTROL NUMBER |
| System control number |
(OCoLC)ocm76888181 |
| 040 ## - CATALOGING SOURCE |
| Transcribing agency |
Nust |
| 082 04 - DEWEY DECIMAL CLASSIFICATION NUMBER |
| Classification number |
958.1045,GAN |
| 100 1# - MAIN ENTRY--PERSONAL NAME |
| Personal name |
Gannon, Kathy. |
| 9 (RLIN) |
108888 |
| 245 10 - TITLE STATEMENT |
| Title |
I is for infidel : |
| Remainder of title |
from holy war to holy terror: 18 years inside Afghanistan / |
| Statement of responsibility, etc. |
Kathy Gannon. |
| 260 ## - PUBLICATION, DISTRIBUTION, ETC. |
| Place of publication, distribution, etc. |
New York : |
| Name of publisher, distributor, etc. |
Public Affairs, |
| Date of publication, distribution, etc. |
2005. |
| 300 ## - PHYSICAL DESCRIPTION |
| Extent |
xix, 186 p., [8] p. of plates : |
| Other physical details |
ill. ; |
| Dimensions |
23 cm. |
| 505 0# - FORMATTED CONTENTS NOTE |
| Formatted contents note |
Friend or Foes (Page-xiii), The Way it Was (Page-1), Inside the Taliban (Page-21), The Beginning of the End (Page-37), The Moderate Taliban (Page-51), The Taliban Bloodied (Page-67), The Last Days of the Taliban (Page-83), After the Taliban (Page-109), The Hidden Face of Pakistan Military (Page-127), Ties Bind (Page-149). |
| 650 #7 - SUBJECT ADDED ENTRY--TOPICAL TERM |
| Topical term or geographic name entry element |
Afghanistankriget 1979-1989 |
| 9 (RLIN) |
108889 |
| 651 #7 - SUBJECT ADDED ENTRY--GEOGRAPHIC NAME |
| Geographic name |
Afghanistan |
| General subdivision |
historia |
| Chronological subdivision |
1986-2005 |
| 9 (RLIN) |
108890 |
| 651 #7 - SUBJECT ADDED ENTRY--GEOGRAPHIC NAME |
| Geographic name |
Afghanistan |
| General subdivision |
History |
| Chronological subdivision |
1989-2001. |
| 9 (RLIN) |
11302 |
| 651 #7 - SUBJECT ADDED ENTRY--GEOGRAPHIC NAME |
| Geographic name |
Afghanistan |
| General subdivision |
History |
| Chronological subdivision |
2001- |
| 9 (RLIN) |
11303 |
| 651 #7 - SUBJECT ADDED ENTRY--GEOGRAPHIC NAME |
| Geographic name |
Afghanistan |
| General subdivision |
History |
| Chronological subdivision |
Soviet occupation, 1979-1989. |
| 9 (RLIN) |
22710 |
| 942 ## - ADDED ENTRY ELEMENTS (KOHA) |
| Source of classification or shelving scheme |
|
| Koha item type |
Book |